000 00233nam a2200097Ia 4500
005 20250424120323.0
008 250424s9999 xx 000 0 und d
050 _aShell nigeria and biodiversity
260 _aShell Nigeria
650 _aSR
999 _c38640
_d38640